| 000 | 01319nam a2200325Ia 4500 | ||
|---|---|---|---|
| 001 | ebr10713364 | ||
| 003 | CaPaEBR | ||
| 006 | m o u | ||
| 007 | cr cn||||||||| | ||
| 008 | 051124s2005 enka sb 001 0 eng d | ||
| 020 | _z1860945597 | ||
| 020 | _z9781860945595 | ||
| 020 | _z9781860947179 | ||
| 040 |
_aCaPaEBR _cCaPaEBR |
||
| 035 | _a(OCoLC)71278765 | ||
| 050 | 1 | 4 |
_aQP601.7 _b.M388 2005eb |
| 245 | 0 | 0 |
_aMatrix metalloproteinases in the central nervous system _h[electronic resource] / _ceditors, Katherine Conant, Paul E. Gottschall. |
| 260 |
_aLondon : _bImperial College Press ; _aHackensack, NJ : _bDistributed by World Scientific, _cc2005. |
||
| 300 |
_avii, 337 p. : _bill. |
||
| 504 | _aIncludes bibliographical references and index. | ||
| 533 |
_aElectronic reproduction. _bPalo Alto, Calif. : _cebrary, _d2013. _nAvailable via World Wide Web. _nAccess may be limited to ebrary affiliated libraries. |
||
| 650 | 0 | _aMetalloproteinases. | |
| 650 | 0 | _aCentral nervous system. | |
| 650 | 0 | _aExtracellular matrix proteins. | |
| 655 | 7 |
_aElectronic books. _2local |
|
| 700 | 1 | _aConant, Katherine. | |
| 700 | 1 | _aGottschall, Paul E. | |
| 710 | 2 | _aebrary, Inc. | |
| 856 | 4 | 0 |
_uhttp://site.ebrary.com/lib/rucke/Doc?id=10713364 _zAn electronic book accessible through the World Wide Web; click to view |
| 999 |
_c1071 _d1071 |
||